| Поле | Инд. | ПП | Название | Значение |
|---|---|---|---|---|
| Тип записи | a | |||
| Библиографический уровень | m | |||
| 001 | Контрольный номер | a3b4ab65-0d1a-4148-bc8b-f4b558e95001 | ||
| 005 | Дата корректировки | 20140703152103.4 | ||
| 008 | Кодируемые данные | 070123 | ||
| 020 | c | Цена, тираж | б/ц | |
| 040 | a | Служба первич. каталог. | НБ ТвГУ | |
| 041 | a | Код языка текста | rus | |
| 080 | a | Индекс УДК | 811.111'42(043.3) | |
| 084 | a | Индекс другой классификации/Индекс ББК | Ш143.21-227.4я031 | |
| 090 | a | Полочн. индекс | Ш143.21 | |
| x | Авторский знак | П43 | ||
| 100 | 1_ | a | Автор | Погребисская Анна Львовна |
| 245 | 10 | a | Заглавие | Коммуникативно-содержательная характеристика диалогических реплик обвинения в британской языковой культуре |
| b | Продолж. заглавия | автореф. дис. ... канд. филол. наук : 10.02.04 | ||
| c | Ответственность | Твер. гос. ун-т, Каф. иностр. яз. гуманит. фак. | ||
| 260 | 0_ | a | Место издания | Тверь |
| b | Издательство | Золотая буква | ||
| c | Дата издания | 2006 | ||
| 300 | a | Объем | 21 с. | |
| b | Иллюстрации/ тип воспроизводства | ил. | ||
| 500 | a | Примечание | На правах рукоп. | |
| 504 | a | Библиография | Библиогр. в конце кн. | |
| 583 | a | Действие | Получение впервые 10 30.01.2007 | |
| 650 | a | Основная рубрика | Английский язык | |
| x | Основная подрубрика | Диалогическая речь | ||
| 650 | a | Основная рубрика | Коммуникативная функция языка | |
| 653 | a | Ключевые слова | Авторефераты | |
| a | Ключевые слова | Английский язык | ||
| a | Ключевые слова | Диалогическая речь | ||
| a | Ключевые слова | Коммуникативная функция языка | ||
| a | Ключевые слова | Реплики обвинения | ||
| a | Ключевые слова | Труды Тверского государственного университета | ||
| 710 | a | Организация/ юрисдикция | Тверской государственный университет | |
| 852 | t | Порядковый номер экземпляра | 2 | |
| p | Инвентарный номер | б/н | ||
| 888 | a | Бесплатные | ||
| 930 | a | Новая/Ретро | авторефераты | |
| 952 | p | 10.2007 б/ц 2 б/н | ||
| c | Вид литературы | А/Р н | ||
| 954 | a | Дата поступления на обработку | 20070131 | |
| 999 | a | Подразделение 2 | ч.з. |